000 00398nam a22001337a 4500
999 _c15727
_d15727
003 OSt
082 _a631.587
_bAKH/D
088 _aT 460
100 _aAkhila Shiney P
_94274
245 _aDevelopment of automated drip fertigation system using GSM based controller
260 _aTavanur
_bDepartment of Soil and water conservation Engineering
_c2019
700 _aSajeena S (Guide)
_93197
942 _cTH